000 00969cam a22003012 4500
999 _c60943
_d60943
001 1184719586
003 DE-627
005 20201019133643.0
007 tu
008 041130s1928 xx ||||| 00| ||ger c
035 _a(DE-627)1184719586
035 _a(DE-576)114719586
035 _a(DE-599)BSZ114719586
040 _aDE-627
_bger
_cDE-627
_erakwb
_dSTAFF
041 _ager
084 _aLH 64840
_2rvk
_0(DE-625)rvk/94509:
084 _aLH 61100
_2rvk
_0(DE-625)rvk/94210:
100 1 _aDvořák, Max
_d1874-1921
_0(DE-588)118528378
_0(DE-627)138967148
_0(DE-576)208903321
_4aut
245 1 0 _aKunstgeschichte als Geistesgeschichte
_bStudien zur abendländischen Kunstentwicklung
_cvon Max Dvořák
250 _a4. Tsd.
264 1 _aMünchen
_bPiper
_c1928
300 _aXIV, 275 S.
_bzahlr. Ill.
336 _aText
_btxt
_2rdacontent
337 _aohne Hilfsmittel zu benutzen
_bn
_2rdamedia
338 _aBand
_bnc
_2rdacarrier
951 _aBO
942 _2z
_cBK